RAPID (residential auction property investment data) (Record no. 108793)

MARC details
000 -LEADER
fixed length control field 01019cad a22002175a 4500
001 - CONTROL NUMBER
control field L145437
008 - FIXED-LENGTH DATA ELEMENTS--GENERAL INFORMATION
fixed length control field 081009s2008 xxkdo f s 000 0 eng d
035 ## - SYSTEM CONTROL NUMBER
System control number (Sirsi) u145437
041 0# - LANGUAGE CODE
Language code of text/sound track or separate title eng
050 04 - LIBRARY OF CONGRESS CALL NUMBER
Classification number 380.1 $2 18
110 2# - MAIN ENTRY--CORPORATE NAME
Corporate name or jurisdiction name as entry element Essential Information Group
9 (RLIN) 4336
245 00 - TITLE STATEMENT
Title RAPID (residential auction property investment data)
Remainder of title issue 4: September 2008
Medium [electronic resource]
260 ## - PUBLICATION, DISTRIBUTION, ETC.
Place of publication, distribution, etc. Reigate
Name of publisher, distributor, etc. EIG
Date of publication, distribution, etc. 2008
520 ## - SUMMARY, ETC.
Summary, etc. Statistical report concentrates on the impact of the changing economic circumstances in the UK on the auction market and the composition of residential auction sales catalogues. Also relates to the wider context of the UK housing market and analyses 12 separate geographical regions, studying yield and price movements.
590 ## - LOCAL NOTE (RLIN)
Local note KA NTK
651 #4 - SUBJECT ADDED ENTRY--GEOGRAPHIC NAME
Geographic name United Kingdom
Chronological subdivision
690 ## - LOCAL SUBJECT ADDED ENTRY--TOPICAL TERM (OCLC, RLIN)
Topical term or geographic name as entry element Auctioneering
9 (RLIN) 6218
710 1# - ADDED ENTRY--CORPORATE NAME
Corporate name or jurisdiction name as entry element Allsop
9 (RLIN) 3151
856 40 - ELECTRONIC LOCATION AND ACCESS
Uniform Resource Identifier <a href="https://www.eigroup.co.uk/market-data/rapid/issue4.pdf">https://www.eigroup.co.uk/market-data/rapid/issue4.pdf</a>
Public note View the item free of charge online at www.eigroup.co.uk...
942 ## - ADDED ENTRY ELEMENTS (KOHA)
Suppress in OPAC 0
Holdings
Withdrawn status Lost status Source of classification or shelving scheme Damaged status Not for loan Home library Current library Shelving location Date acquired Total Checkouts Full call number Barcode Date last seen Copy number Price effective from Koha item type
    Dewey Decimal Classification     Virtual Virtual Online 09/10/2008   ONLINE PUBLICATION 145437-2001 06/08/2019 1 06/08/2019 Book